Zwierzęta na literę T - Statystyki

Ogólne statystyki
  • Ten quiz został rozwiązany 688 razy
  • Średni wynik to 6 z 16
Statystyki odpowiedzi
Zwierzę % Poprawnych
tygrys
84%
tukan
71%
tur
62%
trzmiel
52%
tapir
48%
tarantula
43%
traszka
39%
tuńczyk
35%
truteń
25%
termit
24%
turkuć
24%
turkawka
21%
tasiemiec
19%
tchórz
17%
topik
13%
tchórzofretka
9%
Nie znaleziono quizów pasujących do podanych kryteriów
Rozkład punktacji
Procent ludzi z każdym wynikiem
Percentyl według liczby udzielonych odpowiedzi
Twoja historia wyników
Nie rozwiązałeś tego quizu